Voyage au Congo (Record no. 71867)

MARC details
000 -LEADER
campo de control de longitud fija 00601nam a2200205 i 4500
001 - NÚMERO DE CONTROL
campo de control 71867
003 - IDENTIFICADOR DE NÚMERO DE CONTROL
campo de control ES-MaACL
005 - FECHA Y HORA DE LA ÚLTIMA TRANSACCIÓN
campo de control 20240501063036.0
007 - CAMPO FIJO DE DESCRIPCIÓN FÍSICA--INFORMACIÓN GENERAL
campo de control de longitud fija t|
008 - DATOS DE LONGITUD FIJA--INFORMACIÓN GENERAL
campo de control de longitud fija 040819s1928 fr ||||1| fre d
080 ## - NÚMERO DE LA CLASIFICACIÓN DECIMAL UNIVERSAL
Número de la Clasificación Decimal Universal 913(67=133.1)
100 1# - ENTRADA PRINCIPAL--NOMBRE DE PERSONA
Nombre de persona Gide, André,
Fechas asociadas al nombre 1869-1951
9 (RLIN) 56674
245 10 - MENCIÓN DEL TÍTULO
Título Voyage au Congo
Resto del título : carnets de route /
Mención de responsabilidad, etc. André Gide.
250 ## - MENCION DE EDICION
Mención de edición 34éme ed.
260 ## - PUBLICACIÓN, DISTRIBUCIÓN, ETC.
Lugar de publicación, distribución, etc. Paris :
Nombre del editor, distribuidor, etc. [s.n.,
Fecha de publicación, distribución, etc. 1928] (
Fabricante F. Paillart)
300 ## - DESCRIPCIÓN FÍSICA
Extensión 250 p. ;
Dimensiones 19 cm.
651 #4 - PUNTO DE ACCESO ADICIONAL DE MATERIA--NOMBRE GEOGRÁFICO
Nombre geográfico África Ecuatorial Francesa-
Subdivisión general Descripción.
9 (RLIN) 155230
852 ## - LOCALIZACIÓN
Ubicación ES-MaACL
Número de control de estantería B-6439
Holdings
Estatus retirado Estado de pérdida Estado de daño No para préstamo Biblioteca de origen Biblioteca actual Ubicación en estantería Fecha de adquisición Fuente de adquisición Total de préstamos Signatura topográfica completa Código de barras Visto por última vez Precio de reemplazo Tipo de ítem Koha
        Biblioteca del Ateneo de Madrid Biblioteca del Ateneo de Madrid Sala Pardo Bazán 17/01/2008     B-6439 1075235 23/02/2023 23/02/2023 Libro impreso